Selections from early greek philosophy

সংরক্ষণ করুন:
গ্রন্থ-পঞ্জীর বিবরন
প্রধান লেখক: Nahm, Milton C. (Author)
বিন্যাস: গ্রন্থ
ভাষা:ইংরেজি
প্রকাশিত: Nueva York s.n 1947
সংস্করন:3a. ed
বিষয়গুলি:
ট্যাগগুলো: ট্যাগ যুক্ত করুন
কোনো ট্যাগ নেই, প্রথমজন হিসাবে ট্যাগ করুন!

MARC

LEADER 00000nam a2200000 a 4500
001 UCZ4146
003 CL-VaPUC
008 951106e19470000US |||||||||||||||||eng|d
082 0 4 |a 182  |b NAH  |2 21 
100 |a Nahm, Milton C.  |e author  |9 348103 
245 1 0 |a Selections from early greek philosophy 
250 |a 3a. ed 
300 |a 268 p 
942 |c BK 
945 |d 19951106 00:00:00  |a cmena 
260 |a Nueva York  |b s.n  |c 1947 
650 0 |a Filosofía griega  |9 265579 
650 0 |a Filosofía antigua   |9 255705 
650 0 |a Escuelas filosóficas   |9 266232 
583 |a last modification  |c 20130320 11:15:35  |k Rodrigo Vera 
999 |c 240563  |d 240561 
952 |0 0  |1 0  |4 0  |6 182_000000000000000_NAH_1947  |7 0  |8 P  |9 252513  |a BIBEDU  |b BIBEDU  |c BIBEDU_PB  |d 2019-11-18  |i 1593692  |o 182 NAH 1947  |p 1593692  |r 2024-01-25  |w 2019-11-18  |y BK  |k FIL